00653cam a2200193Mi 450000500170000000800410001702000180005803500210007604000500009704100080014705000270015510000230018224500810020526000790028630000240036565000230038965000160041265000310042820211105120846.0171110s2017 xxu rb 001 0 eng d a9780691160566 a(OCoLC)964901338 aCO-BoUCMbspacSandra PalaciodSandra Palacio0 aeng14aQH541.13b.S356 2017eb1 aSchmitz, Oswald J.14aThe new ecologybrethinking a science forthe anthropocenecOswald J. Schmitz aPrinceton (Nueva Jersey, Estados Unidos)bPrinceton University Pressc2017 axiii, 236 páginas17aEcología humana 27aEcología 27aNaturaleza xSeres humanos